header

Island life / (Record no. 256392)

MARC details
000 -LEADER
fixed length control field 01044cam a2200349 a 4500
001 - CONTROL NUMBER
control field 15033406
003 - CONTROL NUMBER IDENTIFIER
control field OSt
005 - DATE AND TIME OF LATEST TRANSACTION
control field 20170509122503.0
008 - FIXED-LENGTH DATA ELEMENTS--GENERAL INFORMATION
fixed length control field 071004s2008 miu 000 1 eng
010 ## - LIBRARY OF CONGRESS CONTROL NUMBER
LC control number 2007041335
020 ## - INTERNATIONAL STANDARD BOOK NUMBER
International Standard Book Number 9781594146336
International Standard Book Number 1594146330
040 ## - CATALOGING SOURCE
Original cataloging agency DLC
Transcribing agency DLC
Modifying agency DLC
043 ## - GEOGRAPHIC AREA CODE
Geographic area code n-us-wa
050 00 - LIBRARY OF CONGRESS CALL NUMBER
Classification number PS3569.H3993
Item number I85 2008
082 00 - DEWEY DECIMAL CLASSIFICATION NUMBER
Classification number 813/.54
Edition number 22
100 1# - MAIN ENTRY--PERSONAL NAME
Personal name Sherer, Michael W.
245 10 - TITLE STATEMENT
Title Island life /
Statement of responsibility, etc Michael W. Sherer.
250 ## - EDITION STATEMENT
Edition statement 1st ed.
260 ## - PUBLICATION, DISTRIBUTION, ETC. (IMPRINT)
Place of publication, distribution, etc Detroit :
Name of publisher, distributor, etc Gale,
Date of publication, distribution, etc c2008.
300 ## - PHYSICAL DESCRIPTION
Extent 385 p. ;
Dimensions 23 cm.
650 #0 - SUBJECT ADDED ENTRY--TOPICAL TERM
Topical term or geographic name as entry element Fathers
Geographic subdivision Washington (State)
Form subdivision Fiction.
Topical term or geographic name as entry element Flight attendants
General subdivision Crimes against
Form subdivision Fiction.
Topical term or geographic name as entry element Yakuza
Form subdivision Fiction.
651 #0 - SUBJECT ADDED ENTRY--GEOGRAPHIC NAME
Geographic name Seattle (Wash.)
Form subdivision Fiction.
655 #0 - INDEX TERM--GENRE/FORM
Genre/form data or focus term Domestic fiction.
Genre/form data or focus term Suspense fiction.
Source of term gsafd
Genre/form data or focus term Mystery fiction.
Source of term gsafd
906 ## - LOCAL DATA ELEMENT F, LDF (RLIN)
a 7
b cbc
c orignew
d 1
e ecip
f 20
g y-gencatlg
942 ## - ADDED ENTRY ELEMENTS (KOHA)
Source of classification or shelving scheme Library of Congress Classification
Koha item type Long Loan Books
Holdings
Withdrawn status Lost status Source of classification or shelving scheme Damaged status Not for loan Collection code Home library Current library Shelving location Date acquired Total Checkouts Full call number Barcode Date last seen Price effective from Koha item type
    Library of Congress Classification     Fiction Rongo University Library Rongo University Library General Stacks 09/05/2017   PS3569.H3993 I85 2008 20170093 09/05/2017 09/05/2017 Long Loan Books

© 2026 Rongo University
Contact us: librarian | system librarian | Rongo university